| 000 | 00343nam a22001457a 4500 | ||
|---|---|---|---|
| 020 | _a81-7167-969-2 | ||
| 082 |
_a823 _bBHA/S |
||
| 100 | _aBHATACHARYA, ANIRUDH | ||
| 100 | _aSINHA, ADITHYA | ||
| 245 |
_aSURVIVING INDIA _bTHE GUIDE |
||
| 260 |
_aNEW DELHI _bRUPA & CO |
||
| 300 | _a60 | ||
| 650 |
_aENGLISH SHORT STORY _zNEW DELHI |
||
| 942 | _cBK | ||
| 999 |
_c2712 _d2712 |
||